Пособие по страноведению

Saved in:
Bibliographic Details
Main Author: Vũ Thanh Tâm
Format: Book
Language:Russian
Published: 2004
Subjects:
Tags: Add Tag
No Tags, Be the first to tag this record!
Institutions: Mạng thư viện Đại học Đà Nẵng
LEADER 01104cam a22003251a 4500
001 000041118
003 17414
005 20160421000000.0
008 160419s2004 000 rus
041 |a rus 
082 |a 947  |b VU-T 
100 |a Vũ Thanh Tâm 
245 |a Пособие по страноведению  |c Vũ Thanh Tâm 
260 |c 2004 
300 |a 84tr. : mh ; 30cm 
650 |a Пособие по страноведению, Đất nước học Nga, Đất nước học, Nga. 
852 |b Chuyên đề  |c Giáo trình 
OWN |a LNN 
AVA |a UDN50  |b LNN  |d 947 VU-T  |e available  |t Error 5001 Not defined in file expand_doc_bib_avail.  |f 1  |g 0  |h N  |i 0  |k 1 
999 |a From the UDN01 
AVA |a UDN50  |b LNN  |d 947 VU-T  |e available  |t Error 5001 Not defined in file expand_doc_bib_avail.  |f 1  |g 0  |h N  |i 0  |k 1 
TYP |a Monograph 
TYP |a Printed language 
980 |a Mạng thư viện Đại học Đà Nẵng